Registračná povinnosť fyzických osôb voči daňovému úradu
Registračná povinnosť je jednou zo základných povinností zo strany fyzických osôb (FO). Registračná povinnosť FO s trvalým pobytom v cudzine. Splnenie registračnej povinnosti FO. Osvečenie o registrácii a pridelení DIČ. Povinnosť oznamovať zmeny. Kto nemá povinnosť registrácie. Registrácia platiteľa...
Saved in:
| Main Author: | |
|---|---|
| Format: | Book Chapter |
| Language: | Slovak |
| Subjects: | |
| Tags: |
No Tags, Be the first to tag this record!
|
MARC
| LEADER | 00000naa a2200000 4500 | ||
|---|---|---|---|
| 001 | r041883 | ||
| 005 | 20230801100042.9 | ||
| 041 | 0 | |a slo | |
| 044 | |a SK | ||
| 245 | 1 | 0 | |a Registračná povinnosť fyzických osôb voči daňovému úradu |c Alena Pauličková |
| 520 | |a Registračná povinnosť je jednou zo základných povinností zo strany fyzických osôb (FO). Registračná povinnosť FO s trvalým pobytom v cudzine. Splnenie registračnej povinnosti FO. Osvečenie o registrácii a pridelení DIČ. Povinnosť oznamovať zmeny. Kto nemá povinnosť registrácie. Registrácia platiteľa dane z pridanej hodnoty. | ||
| 610 | 2 | 0 | |a dane |
| 610 | 2 | 0 | |a registrácia |
| 610 | 2 | 0 | |a osoby fyzické |
| 610 | 2 | 0 | |a povinnosť daňová |
| 610 | 2 | 0 | |a systémy daňové |
| 610 | 2 | 0 | |a Slovensko |
| 100 | 1 | |a Pauličková, Alena | |